| 000 | 02014nam a2200577 i 4500 | ||
|---|---|---|---|
| 001 | 6456 | ||
| 003 | KOSZ 005 | ||
| 005 | 20191007100645.0 | ||
| 008 | 970510s1993 pl a f |001 0 pol | ||
| 015 | _aPB 1994/4532 | ||
| 020 | _a8301112700 | ||
| 035 | _a991000495999705066 | ||
| 035 | _a(PL-WaBN)b10174850-48omnis_nlop | ||
| 035 | _ab10174850 | ||
| 035 | _a(OCoLC)316446681 | ||
| 035 | _a(PL)b0000001017485 | ||
| 035 | _a(EXLNZ-48OMNIS_NETWORK)9910337122905606 | ||
| 040 |
_aWA N _cWA N _dKOSZ 005/EG |
||
| 041 | _apol | ||
| 046 | _k1993 | ||
| 080 | _a620.1/.2 | ||
| 080 | _a539.3/.6 | ||
| 080 | _a678.7 | ||
| 080 | _a(075.8) | ||
| 100 | 1 |
_aWolna, Małgorzata _c(chemik) _eAutor |
|
| 245 | 1 | 0 |
_aMateriały elastooptyczne / _cMałgorzata Wolna ; Polska Akademia Nauk. Instytut Podstawowych Problemów Techniki. |
| 260 |
_aWarszawa ; Poznań : _bWydaw. Naukowe PWN, _c1993. |
||
| 300 |
_a230, [2] s. : _bfot., rys., wykr. ; _c24 cm. |
||
| 336 |
_2rdacontent _aTekst _btxt |
||
| 337 |
_2rdamedia _aBez urządzenia pośredniczącego _bn |
||
| 338 |
_2rdacarrier _aWolumin _bnc |
||
| 380 | _aKsiążki | ||
| 380 | _aPublikacje dydaktyczne | ||
| 385 |
_mPoziom nauczania _aSzkoły wyższe |
||
| 388 | _a1901-2000 | ||
| 388 | _a1989-2000 | ||
| 490 | 1 | _aBiblioteka Mechaniki Stosowanej. Seria B, Podręczniki i Opracowania Inżynierskie | |
| 504 | _aBibliogr. przy rozdz. - Indeks. | ||
| 650 | 7 |
_aElastooptyka _2DBN |
|
| 650 | 7 |
_aNaprężenia i odkształcenia _2DBN |
|
| 650 | 7 |
_aPolimery _2DBN |
|
| 655 | 7 |
_aPodręczniki akademickie _2DBN |
|
| 658 | _aInżynieria i technika | ||
| 658 | _aChemia | ||
| 658 | _aFizyka i astronomia | ||
| 710 | 2 |
_aWydawnictwo Naukowe PWN _4pbl |
|
| 856 |
_uhttp://koha.tu.koszalin.pl/cgi-bin/koha/opac-detail.pl?biblionumber=6456 _yKatalog online BPK |
||
| 830 | 0 |
_aBiblioteka Mechaniki Stosowanej _nSeria B _pPodręczniki i Zastosowania Inżynierskie |
|
| 942 |
_2UKD _cKS |
||
| 999 |
_c6456 _d6456 |
||